Largest US State per Letter Minefield Quiz Stats

Quiz Updated Apr 8, 2015

Challenge
Share
Tweet
Embed
Score 0/20 Timer 07:00
18 Plays Today
Letter State % Correct
A???
89.4%
C???
82.3%
F???
68.5%
G???
63.7%
H???
59%
T???
58%
D???
57.7%
M???
49.3%
L???
44.2%
K???
43.9%
Letter State % Correct
I???
42.5%
U???
37.9%
V???
32.4%
P???
31.8%
O???
31.5%
W???
30.5%
R???
28.2%
N???
27%
S???
23.8%
Mines???
12.6%

You're not logged in!

Compare scores with friends on all Sporcle quizzes.
Sign Up with Email
OR
Log In

You Might Also Like...

Show Comments

Extras

Top Quizzes Today


Score Distribution

Your Account Isn't Verified!

In order to create a playlist on Sporcle, you need to verify the email address you used during registration. Go to your Sporcle Settings to finish the process.